Dialogue des orateurs

Guardat en:
Dades bibliogràfiques
Autor principal: Tácito, Cornelio (Autor)
Format: Llibre
Idioma:francès
Publicat: París Les Belles Lettres 1936
Col·lecció:Collection des Universités de France
Matèries:
Etiquetes: Afegir etiqueta
Sense etiquetes, Sigues el primer a etiquetar aquest registre!

MARC

LEADER 00000nam a2200000 a 4500
001 UCP9320
003 CL-VaPUC
008 000324e19360000FR |||||||||||||||||fre|d
082 0 4 |a 875  |b TAC  |2 21 
100 |a Tácito, Cornelio  |e author  |9 438184 
245 1 0 |a Dialogue des orateurs 
300 |a pag. irreg 
942 |c BK 
945 |d 20000324 00:00:00  |a crobeson 
260 |a París  |b Les Belles Lettres  |c 1936 
650 0 |a Oratoria latina  |9 266621 
650 0 |a Literatura latina   |9 258055 
583 |a last modification  |c 20000324 00:00:00  |k Rodrigo Vera 
490 0 |a Collection des Universités de France 
999 |c 286146  |d 286144 
952 |0 0  |1 0  |4 0  |6 875_000000000000000_TAC_1936  |7 0  |8 X  |9 331607  |a BIBHIS  |b BIBHIS  |d 2019-11-20  |i 1397451  |o 875 TAC 1936  |p 1397451  |r 2024-01-30  |w 2019-11-20  |y BK_X  |k HIS